Bývanie na Slovensku a v Európskej únii

Gespeichert in:
Bibliographische Detailangaben
1. Verfasser: Koóšová, Miriam
Format: Buchkapitel
Sprache:Slowakisch
Schlagworte:
Tags: Tag hinzufügen
Keine Tags, Fügen Sie das erste Tag hinzu!

MARC

LEADER 00000naa$a2200000$$$4500
001 0050724
005 20240502071602.4
041 0 |a slo 
044 |a SK 
245 1 0 |a Bývanie na Slovensku a v Európskej únii  |c Miriam Koóšová 
610 2 0 |a politika bytová 
610 2 0 |a výstavba bytová 
610 2 0 |a fond bytový 
610 2 0 |a Slovensko 
610 2 0 |a Európska únia 
100 1 |a Koóšová, Miriam